Complicaciones : confesiones de un cirujano sobre una ciencia imperfecta /

Bibliographic Details
Main Author: Gawande, Atul (Author)
Other Authors: Cereceda, Gabriel (Translator)
Format: Electronic eBook
Language:Spanish
English
Published: Barcelona, España : Antoni Bosch editor, [2009]
Subjects:
Online Access:Digitalia Hispánica

MARC

LEADER 00000nam a2200000Ii 4500
001 DIGANBSCH0017
003 NyNyDIG
006 m o d
007 cr |||||||||||
008 240103s2009 sp o 000 0 spa d
035 |a (OCoLC)1417820971 
040 |a DGITA  |b eng  |e rda  |e pn  |c DGITA 
020 |a 9788495348661  |q eBook 
020 |z 9788495348517 
041 1 |a spa  |h eng 
043 |a n-us--- 
050 1 4 |a RD27.35.G39 ebook 
100 1 |a Gawande, Atul,  |e author. 
240 1 0 |a Complications.  |l Spanish  |s (Cereceda) 
245 1 0 |a Complicaciones :  |b confesiones de un cirujano sobre una ciencia imperfecta /  |c Atul Gawande ; traducción, Gabriel Cereceda. 
246 3 0 |a Confesiones de un cirujano sobre una ciencia imperfecta 
264 1 |a Barcelona, España :  |b Antoni Bosch editor,  |c [2009] 
300 |a 1 online resource. 
336 |a text  |b txt  |2 rdacontent 
337 |a computer  |b c  |2 rdamedia 
338 |a online resource  |b cr  |2 rdacarrier 
347 |a text file  |2 rdaft 
347 |b PDF 
588 0 |a Online resource; title from PDF title page (Digitalia, viewed January 3, 2024) 
600 1 0 |a Gawande, Atul. 
650 0 |a Surgeons  |z United States  |v Biography. 
650 0 |a Surgery  |v Anecdotes. 
700 1 |a Cereceda, Gabriel,  |e translator. 
700 1 |i Translation of:  |a Gawande, Atul.  |t Complications. 
791 2 |a Digitalia (Firm),  |e distributor. 
793 0 |g Digitalia eBook Collection:  |a Antoni Bosch Editor 
776 0 8 |i Print version:  |a Gawande, Atul.  |s Complications. Spanish (Cereceda).  |t Complicaciones.  |d Barcelona, España : Antoni Bosch editor, [2010]  |z 9788495348517 
856 4 0 |3 Digitalia Hispánica  |u https://www.digitaliapublishing.com/a/84040/ 
910 |a Premium collection: 2024